01987nam a2200217Ia 4500008004100000020001800041050002500059110002300084245014300107250001300250260005000263300001600313336001000329337001500339338001200354500002500366505120900391650004701600650005701647650006501704120625s2012 mx 000 0 spa d a9786074063721 4aC KGF4624 bM48 20121 aMéxicoe, autor.10aFisco agenda 2012 b: compendio de leyes, reglamentos y otras disposiciones conexas sobre la materia : con casos prácticos.c/ México. a43a. ed.3 aMéxico b: Ediciones Fiscales ISEFc, 2012. apag. varia. aTexto aSin medio  aVolumen a"Versión cosida" 1 aSección 1 Abreviaturas Índice temático Ley de Impuesto Sobre la Renta Correlacionada Reglamento de la Ley del Impuesto Sobre la Renta Ley de Impuesto empresarial a tasa única correlacionada Decreto por el que se otorgan diversos beneficios fiscales en materia de los Impuestos Sobre la Renta y enpresarial a tasa única Decreto por el que se otorga beneficios fiscales en materia del Impuesto Sobre la Renta y del impuesto Empresarial a Tasa Única a los contribuyentes que se indican Ley del Impuesto a los depositos en efcetivo correlacionada Sección 2 Ley del Impuesto al Valor Agregado Correlacionada Reglamento de la Ley del Impuesto al Valor Agregado Ley del Impuesto Especial sobre producción y servicios correlacionada Reglamento de la Ley del Impuesto Especial sobre producción y servicios Sección 3 Código Fiscal de la Federación Correlacionado Reglamento del Código Fiscal de la Federación Sección 4 Ley Federal de Procedimiento Contencioso Administratico Ley de Ingresosde la Federación Ley Federal de los Derechos del Contribuyente Ley del Servicio de Administración Tributaria Ley de Ayuda Alimentaria para los Trabajadores Sección 5 Casos prácticos14aIMPUESTOSxLEYES Y LEGISLACIÓNzMÉXICO20aIMPUESTO SOBRE LA RENTAxLEYES Y LEGISLACIONzMEXICO24aIMPUESTO AL VALOR AGREGADO xLEYES Y LEGISLACIÓNzMÉXICO